| 000 | 00703nam a22002297a 4500 | ||
|---|---|---|---|
| 999 |
_c10395 _d10395 |
||
| 001 | 10395 | ||
| 003 | BD-JhCC | ||
| 005 | 20201209134020.0 | ||
| 008 | 180425b2017 bg ||||| |||| 00| 0 eng d | ||
| 020 | _a9789848815311 | ||
| 035 | _a(BD-JhCC)10395 | ||
| 040 |
_aBD-JhCC _dBD-JhCC |
||
| 041 | _aben | ||
| 082 |
_a330 _bKHA 2017 |
||
| 100 | _aখান, আকবর আলী | ||
| 245 |
_aপরার্থপরতার অর্থনীতি / _cআকবর আলী খান |
||
| 260 |
_aঢাকা : _bইউনির্ভাসিটি প্রেস লিমিটেড, _c2017. |
||
| 300 |
_a208 p. : _c22 cm. |
||
| 650 | _aEconomics | ||
| 942 |
_2ddc _cBK _05 |
||